Top 3 Largest Cities by B Country Quiz Stats

Quiz not verified by Sporcle

Challenge
Share
Tweet
Embed
Score 0/51 Timer 10:00
0 Plays Today
Country City % Correct
BelgiumBrussels
94.8%
BahamasNassau
94%
BelarusMinsk
93.3%
BoliviaLa Paz
92.5%
BangladeshDhaka
91.8%
BulgariaSofia
91.8%
BrazilSao Paulo
91%
Bosnia HerzegovinaSarajevo
90.3%
BrazilRio de Janeiro
88.8%
BahrainManama
85.1%
BelgiumAntwerp
83.6%
BelizeBelmopan
83.6%
BelizeBelize City
79.9%
Burkina FasoOuagadougou
77.6%
BarbadosBridgetown
76.9%
BhutanThimphu
76.9%
BotswanaGaborone
76.9%
BruneiBandar Seri Begawan
75.4%
BeninPorto Novo
73.1%
BrazilSalvador
73.1%
BangladeshChittagong
72.4%
BoliviaSanta Cruz
70.9%
BurundiBujumbura
70.9%
BelgiumGhent
62.7%
BulgariaVarna
53.7%
BulgariaPlovdiv
50.7%
Country City % Correct
BeninCotonou
49.3%
Bosnia HerzegovinaBanja Luka
48.5%
BelarusGomel
38.8%
BoliviaEl Alto
29.9%
Burkina FasoBobo Dioulasso
26.9%
BahamasFreeport
21.6%
BangladeshKhulna
20.9%
BelarusMogilev
18.7%
Bosnia HerzegovinaTuzla
18.7%
BotswanaFrancistown
16.4%
BahrainMuharraq
9%
BahrainRiffa
8.2%
BotswanaMolepolole
6%
BruneiKuala Belait
6%
BurundiGitega
6%
BelizeSan Ignacio
5.2%
BeninParakou
5.2%
BhutanPhuntsholing
5.2%
BhutanPunakha
5.2%
BahamasWest End
4.5%
BarbadosSpeightstown
4.5%
BruneiSeria
4.5%
Burkina FasoBanfora
4.5%
BurundiMuyinga
4.5%
BarbadosOistins
3.7%

You're not logged in!

Compare scores with friends on all Sporcle quizzes.
Join for Free
OR
Log In

You Might Also Like...

Show Comments

Extras

Top Quizzes Today


Score Distribution

Your Account Isn't Verified!

In order to create a playlist on Sporcle, you need to verify the email address you used during registration. Go to your Sporcle Settings to finish the process.

Report this User

Report this user for behavior that violates our Community Guidelines.

Details: